Matlab for engineers explained

Saved in:
Bibliographic Details
Main Author: Fredrik Gustafsson
Format: Book
Language:Undetermined
Published: London, Eng. Springer 2003
Subjects:
Tags: Add Tag
No Tags, Be the first to tag this record!
Institutions: Trung tâm Học liệu Trường Đại học Cần Thơ
LEADER 00582nam a2200193Ia 4500
001 CTU_59724
008 210402s9999 xx 000 0 und d
020 |b 40 
082 |a 620.002855369 
082 |b G982 
100 |a Fredrik Gustafsson 
245 0 |a Matlab for engineers explained 
245 0 |c Fredrik Gustafsson and Niclas Bergman 
260 |a London, Eng. 
260 |b Springer 
260 |c 2003 
650 |a numerical analysis,matlab ( computer file ),engineering mathematics 
650 |x data processing 
980 |a Trung tâm Học liệu Trường Đại học Cần Thơ